[Event "Havana Giraldilla op"]
[Site "Havana"]
[Date "2024.08.16"]
[Round "8"]
[White "Torres Ymas, Alejandra"]
[Black "Hernandez Ortega, Javier Enrique"]
[Result "0-1"]
[WhiteElo "1900"]
[BlackElo "1888"]
[PlyCount "100"]
[EventDate "2024.08.12"]
[EventType "swiss"]
[EventRounds "9"]
[EventCountry "CUB"]
[SourceTitle "CBM 221 Extra"]
[Source "ChessBase"]
[SourceDate "2024.09.30"]
[SourceVersion "1"]
[SourceVersionDate "2024.09.30"]
[SourceQuality "1"]

1. e4 e6 2. d4 d5 3. Nc3 Nf6 4. Bg5 Be7 5. e5 Nfd7 6. h4 a6 7. Qg4 h5 8. Qg3 g6 9. Qf4 c5 10. Rh3 Bxg5 11. hxg5 cxd4 12. Nce2 Qa5+ 13. c3 dxc3 14. b4 Qc7 15. Rxc3 Nc6 16. Nf3 Ndxe5 17. Rac1 Nxf3+ 18. Qxf3 Qe5 19. a4 Bd7 20. Re3 Qxg5 21. Nf4 0-0 22. Nh3 Qg4 23. Qf6 Qxb4+ 24. Rcc3 Qe7 25. Qxe7 Nxe7 26. Rc7 Rfd8 27. Rxb7 Nf5 28. Rc3 Bxa4 29. Ng5 Be8 30. Rcc7 Nd6 31. Rb6 a5 32. Bd3 a4 33. Bxg6 fxg6 34. Nxe6 Rd7 35. Rxd7 Bxd7 36. Nc5 Nc4 37. Rxg6+ Kf7 38. Rg5 Be6 39. Rxh5 a3 40. Nb3 a2 41. Rh7+ Kg6 42. Re7 a1Q+ 43. Nxa1 Rxa1+ 44. Ke2 Bf5 45. f3 Ra2+ 46. Kf1 Kg5 47. g4 Bd3+ 48. Kg1 Kf4 49. g5 Kg3 50. Re1 Ne5 0-1